| 000 | 00644nam a2200241Ia 4500 | ||
|---|---|---|---|
| 001 | 41348 | ||
| 005 | 20240114003416.0 | ||
| 007 | ta | ||
| 008 | 080311s2003 g b000 u asm u | ||
| 040 | _aCotton College,Assam | ||
| 041 | _aasm | ||
| 082 |
_a891.41 _b5619 |
||
| 100 | _aMajumdar, Paramananda . | ||
| 245 | 0 |
_aBigyan Aru Mulyabodh / _cParamananda Majumdar. _hTextual Documents |
|
| 250 | _aIst ed / | ||
| 260 |
_aGuwahati : _bAssam Prakashan Parishad , _c2003. |
||
| 300 |
_a143pg ; _c27cm. |
||
| 653 | _aBigyan Aru Mulyabodh | ||
| 653 | _aG-Assamese | ||
| 942 |
_2ddc _cBK |
||
| 999 |
_c41316 _d41316 |
||